Mots les plus courants dans les devises nationales - Statistiques

Statistiques générales
  • Ce quiz a été pris 29 fois
  • Le résultat moyen est 11 sur 20
Statistiques - réponses
Nombre Lettre Mot % Correct
28 L L'
100%
14 U Un
86%
8 D De
82%
36 E Et
82%
48 L La
82%
15 L Le
82%
25 L Liberté
79%
9 P Pour
64%
8 U Union
64%
14 E Est
46%
12 N Nous
46%
14 P Patrie
46%
8 F Force
43%
30 U Unité
39%
28 D Dieu
36%
14 J Justice
32%
12 P Paix
21%
12 P Peuple
21%
10 P Progrès
11%
17 T Travail
11%
Aucun quiz correspondant
Distribution des résultats
% des personnes avec chaque résultat
Percentile par nombre de réponses
Votre historique - résultats
Vous n’avez pas pris ce quiz